<?xml version="1.0" encoding="UTF-8"?>
<record
    xmlns:xsi="http://www.w3.org/2001/XMLSchema-instance"
    xsi:schemaLocation="http://www.loc.gov/MARC21/slim http://www.loc.gov/standards/marcxml/schema/MARC21slim.xsd"
    xmlns="http://www.loc.gov/MARC21/slim">

  <leader>01025nam a2200265 a 4500</leader>
  <controlfield tag="001">3684</controlfield>
  <controlfield tag="003">CDMR</controlfield>
  <controlfield tag="005">20151022114202.0</controlfield>
  <controlfield tag="008">130130s1980||||||||||||||||||||||||||||d</controlfield>
  <datafield tag="020" ind1=" " ind2=" ">
    <subfield code="a">9233018024 (Unesco)</subfield>
  </datafield>
  <datafield tag="020" ind1=" " ind2=" ">
    <subfield code="a">9681606302 (Fondo de Cultura Econ&#xF3;mica)</subfield>
  </datafield>
  <datafield tag="040" ind1=" " ind2=" ">
    <subfield code="a">CDMR</subfield>
    <subfield code="b">cat</subfield>
    <subfield code="c">CDMR</subfield>
  </datafield>
  <datafield tag="245" ind1="1" ind2="3">
    <subfield code="a">Un solo mundo, voces m&#xFA;ltiples</subfield>
    <subfield code="b">: comunicaci&#xF3;n e informaci&#xF3;n en nuestro tiempo</subfield>
    <subfield code="c">Sean MacBride... [et al.]</subfield>
  </datafield>
  <datafield tag="260" ind1=" " ind2=" ">
    <subfield code="a">Paris</subfield>
    <subfield code="b">Unesco</subfield>
  </datafield>
  <datafield tag="260" ind1=" " ind2=" ">
    <subfield code="a">M&#xE9;xico</subfield>
    <subfield code="c">[1980]</subfield>
    <subfield code="b">Fondo de Cultura Econ&#xF2;mica</subfield>
  </datafield>
  <datafield tag="300" ind1=" " ind2=" ">
    <subfield code="a">508 p.</subfield>
    <subfield code="c">23 cm</subfield>
  </datafield>
  <datafield tag="650" ind1="0" ind2="4">
    <subfield code="9">2777</subfield>
    <subfield code="a">Comunicaci&#xF3; intercultural</subfield>
  </datafield>
  <datafield tag="650" ind1="0" ind2="4">
    <subfield code="9">2757</subfield>
    <subfield code="a">Mitjans de comunicaci&#xF3; de massa</subfield>
    <subfield code="x">Aspectes socials</subfield>
  </datafield>
  <datafield tag="650" ind1="0" ind2="4">
    <subfield code="9">4427</subfield>
    <subfield code="a">Mitjans de comunicaci&#xF3; de massa en el desenvolupament comunitari</subfield>
  </datafield>
  <datafield tag="650" ind1="0" ind2="4">
    <subfield code="9">2190</subfield>
    <subfield code="a">Comunicaci&#xF3; internacional</subfield>
  </datafield>
  <datafield tag="700" ind1="1" ind2=" ">
    <subfield code="9">2623</subfield>
    <subfield code="a">Macbride, Sean</subfield>
  </datafield>
  <datafield tag="710" ind1="2" ind2=" ">
    <subfield code="9">1452</subfield>
    <subfield code="a">Unesco</subfield>
  </datafield>
  <datafield tag="856" ind1="4" ind2="0">
    <subfield code="u">http://unesdoc.unesco.org/images/0004/000400/040066sb.pdf</subfield>
    <subfield code="y">Disponible en l&#xED;nia (PDF)</subfield>
    <subfield code="z">-- Versi&#xF3; abreujada (Ed. 1987)</subfield>
  </datafield>
  <datafield tag="942" ind1=" " ind2=" ">
    <subfield code="c">MON</subfield>
    <subfield code="2">udc</subfield>
  </datafield>
  <datafield tag="999" ind1=" " ind2=" ">
    <subfield code="c">3684</subfield>
    <subfield code="d">3684</subfield>
  </datafield>
  <datafield tag="952" ind1=" " ind2=" ">
    <subfield code="0">0</subfield>
    <subfield code="1">0</subfield>
    <subfield code="4">0</subfield>
    <subfield code="7">0</subfield>
    <subfield code="a">CDMR</subfield>
    <subfield code="b">CDMR</subfield>
    <subfield code="d">2015-06-09</subfield>
    <subfield code="e">Donaci&#xF3;</subfield>
    <subfield code="g">10.39</subfield>
    <subfield code="l">1</subfield>
    <subfield code="m">1</subfield>
    <subfield code="o">Cc 5/9</subfield>
    <subfield code="p">CDMR13097490</subfield>
    <subfield code="r">2026-02-27</subfield>
    <subfield code="s">2025-11-26</subfield>
    <subfield code="v">10.39</subfield>
    <subfield code="y">MON</subfield>
  </datafield>
</record>
